LEADER 00712naa a2200145 i 4500 001 000000319895 003 CaOOAMICUS 005 20180831173316.0 008 180831n it u000 u ita u 013 $a29705 040 $aSeMil$bita 245 13$aLa reception du Concile dans les travaux de riforme du Code de droit canonique :$b1959-ŕ 1965. 650 4$aDiritto canonico - Codice - Riforma.$0(OLS)http://semarc/subject/44200 773 0 $tRéceptions de Vatican 2.$dLeuven : Bibliotheek Godgeleerdheid, 2004.$kInstrumenta theologica$z90-429-1525-0$z2-87723-822-9$gp.49-72$w()168023 996 $6245$aLa reception du Concile dans les travaux de riforme du Code de droit canonique :$b1959-ŕ 1965$9(OLS)http://semarc/title/393624 LEADER 00508nas a2200169 i 4500 001 000000194847 003 CaOOAMICUS 005 20101125000000.0 008 101125b1932 it uu u0 0ita r 013 $a173508 040 $aSeMil$bita 245 10$a[1932 :$b2]. 774 0 $t[Luglio-Dicembre].$w()274240 850 $aSeMil 852 $aSeMil$W1$xVenegono$y1$m111 5 16$j145416$B145416$CSeMilBibl$Z2$F156974 $82 961 $aRecupero: Scuola Cattolica 996 $6245$a[1932 :$b2]$9(OLS)http://semarc/title/281030